| 000 | 00584 a2200145 4500 | ||
|---|---|---|---|
| 082 | _aBICSE-2 | ||
| 100 |
_aErum Masood _992827 |
||
| 245 |
_a Bluetooth Based Proximity Detection and Authentication [Project BICSE2] _cErum Masood |
||
| 260 |
_a Islamabad, _bNUST School of Electrical Engineering & Computer Science, _c2008. |
||
| 300 |
_axi, 88 p. _b: ill. _c; 27 cm. + _eCD-ROM |
||
| 500 | _aSupervisors : Dr. Fauzan Mirza, Dr. Syed Ali Khayam. | ||
| 700 |
_aHafsa Noor & Zabia Rais _992828 |
||
| 856 | _uhttp://10.250.8.41:8080/xmlui/handle/123456789/13072 | ||
| 942 |
_cPR _kBICSE-2 ERU _2ddc |
||
| 999 |
_c9134 _d9134 |
||